00638 2200253 4500001002100000005001700021008004100038020001800079035002400097082000800121090001500129100001500144245004500159260002800204300002300232440003200255650002000287850001500307980001100322985000600333999001500339999001500354999001500369YOGYA-0209000000608020090227020850.0 ind  a979-403-084-8 0010-020900000006080 a190 a190bBer P aBERTENS, K aPanorama Filsafat Moderncoleh K Bertens aJakartabGramediac1987 avi, 201 hlmc21 cm aSeri Filsafat Atma Jaya ; 7 aFilsafat Modern aYOPDYOG(B) a010705 a3 a93P0036404 a93P0036405 a93P0046314